| 000 | 005450000a22001930004500 | ||
|---|---|---|---|
| 003 | LK-CoMWRAF | ||
| 005 | 20240105114021.0 | ||
| 008 | 230817t1999 ||||| |||| 00| 0 eng d | ||
| 020 | _a9559052799 | ||
| 040 |
_aLK-CoMWRAF _dLK-CoMWRAF _eLK-CoMWRAF |
||
| 041 | _aeng | ||
| 082 |
_a305.42 _bWIJ |
||
| 100 | _aWijayatilake, Kamalini | ||
| 245 | _aWomen in decision making and political participation | ||
| 260 |
_aColombo: _bCentre for Women's Research, _c[1999?] |
||
| 300 | _a26 p. : ill. | ||
| 650 | _aWOMEN-Political activities | ||
| 942 | _cBK | ||
| 999 |
_c120 _d120 |
||